| 000 | 03025cam a2200469 i 4500 | ||
|---|---|---|---|
| 999 |
_c2268 _d2268 |
||
| 001 | 17584229 | ||
| 003 | GZU | ||
| 005 | 20201028114554.0 | ||
| 008 | 130109s2014 caua b 001 0 eng d | ||
| 010 | _a 2013930419 | ||
| 015 |
_aGBB374204 _2bnb |
||
| 016 | 7 |
_a016478148 _2Uk |
|
| 020 | _a9781446266403 (hbk.) | ||
| 020 | _a1446266400 (hbk.) | ||
| 020 | _a1446266419 (pbk.) | ||
| 020 | _a9781446266410 (pbk.) | ||
| 035 | _a(OCoLC)ocn857109759 | ||
| 040 |
_aUKMGB _beng _cUKMGB _dOCLCO _dYDXCP _dCDX _dEEK _dIUL _dOCLCO _dOCLCF _dOCLCQ _dOCLCO _dDLC |
||
| 042 | _alccopycat | ||
| 043 | _ae-uk--- | ||
| 050 | 0 | 0 |
_aHV751.A6 _bC662 2014 |
| 082 | 0 | 4 |
_a372.19 _223 |
| 245 | 0 | 0 |
_aContemporary issues in the early years / _cedited by Gillian Pugh and Bernadette Duffy. |
| 250 | _a6th edition. | ||
| 264 | 1 |
_aLos Angeles : _bSAGE, _c[2014] |
|
| 300 |
_axxii, 297 pages : _billustrations ; _c25 cm |
||
| 336 |
_atext _btxt _2rdacontent |
||
| 337 |
_aunmediated _bn _2rdamedia |
||
| 338 |
_avolume _bnc _2rdacarrier |
||
| 500 | _aPrevious edition: 2010. | ||
| 504 | _aIncludes bibliographical references and index. | ||
| 505 | 0 | _apt. 1. Policy and research -- The policy agenda for early childhood services / Gillian Pugh -- Facing austerity : the local authority response / Linda Uren -- International snapshots of provision for babies and young children / Sacha Powell and Kathy Goouch -- Quality in early childhood education / Sandra Mathers, Fiona Roberts and Kathy Sylva -- Inspecting and evaluating the quality and standards of early years and childcare provision / Brenda Spencer and Jan Dubiel -- pt. 2. Practice -- 'Seen and heard' : exploring assumptions, beliefs and values underpinning young children's participation / Y. Penny Lancaster and Perpetua Kirby -- The early years curriculum / Bernadette Duffy -- The tools of assessment : watching and learning / Caron Carter and Cathy Nutbrown -- Sure Start Children's Centres / Ann Crichton -- The role of health in early years services / Kate Billingham and Jacqueline Barnes -- Diversity, inclusion and learning in the early years / Iram Siraj-Blatchford -- Inclusion and entitlement in the early years for disabled young children and young children with special educational needs / Philippa Stobbs, Elizabeth Andrews and Julie Revels -- Working with parents in the early years / Mary Crowley and Helen Wheeler -- Safeguarding children in the early years / Harriet Ward and Rebecca Brown -- pt. 3. Workforce -- Training and workforce issues in the early years / Pauline Jones -- Leading and working in multi-agency teams / Carol Aubrey. | |
| 650 | 0 |
_aChildren _xServices for _zGreat Britain. |
|
| 650 | 0 | _aEducation, Primary. | |
| 650 | 0 | _aEarly childhood education. | |
| 700 | 1 |
_aPugh, Gillian, _eeditor. |
|
| 700 | 1 |
_aDuffy, Bernadette, _d1958- _eeditor. |
|
| 906 |
_a7 _bcbc _ccopycat _d2 _encip _f20 _gy-gencatlg |
||
| 942 |
_2lcc _cBK _e6th ed. _h751 _iCON _kHV _m2006 |
||